Apropos of Dolores, (Record no. 328454)

000 -LEADER
fixed length control field 00705cam a22002171 4500
001 - CONTROL NUMBER
control field 7840767
003 - CONTROL NUMBER IDENTIFIER
control field Nust
005 - DATE AND TIME OF LATEST TRANSACTION
control field 20170407120751.0
008 - FIXED-LENGTH DATA ELEMENTS--GENERAL INFORMATION
fixed length control field 730814s1938 nyu 000 1 eng
010 ## - LIBRARY OF CONGRESS CONTROL NUMBER
LC control number 38029001
020 ## - INTERNATIONAL STANDARD BOOK NUMBER
International Standard Book Number 9788129112262
035 ## - SYSTEM CONTROL NUMBER
System control number (OCoLC)676749
040 ## - CATALOGING SOURCE
Original cataloging agency DLC
Transcribing agency OKentU
Modifying agency OCoLC
-- DLC
042 ## - AUTHENTICATION CODE
Authentication code premarc
050 00 - LIBRARY OF CONGRESS CALL NUMBER
Classification number PZ3.W465
Item number Ap2
Classification number PR5774
082 ## - DEWEY DECIMAL CLASSIFICATION NUMBER
Classification number 823
Author Mark WEL
100 1# - MAIN ENTRY--PERSONAL NAME
Personal name Wells, H. G.
Fuller form of name (Herbert George),
Dates associated with a name 1866-1946.
245 10 - TITLE STATEMENT
Title Apropos of Dolores,
Statement of responsibility, etc. by H. G. Wells.
260 ## - PUBLICATION, DISTRIBUTION, ETC.
Place of publication, distribution, etc. New York,
Name of publisher, distributor, etc. C. Scribner's Sons,
Date of publication, distribution, etc. 1938.
300 ## - PHYSICAL DESCRIPTION
Extent viii 293 p.
Dimensions 21 cm.
906 ## - LOCAL DATA ELEMENT F, LDF (RLIN)
a 7
b cbc
c oclcrpl
d u
e ncip
f 19
g y-gencatlg
942 ## - ADDED ENTRY ELEMENTS (KOHA)
Source of classification or shelving scheme
Koha item type Book
Holdings
Withdrawn status Lost status Source of classification or shelving scheme Damaged status Not for loan Permanent Location Current Location Shelving location Date acquired Full call number Barcode Date last seen Copy number Price effective from Koha item type
          Central Library (CL) Central Library (CL) Fiction 04/07/2017 823.412 WEL CL1032 04/07/2017 1 04/07/2017 Book
© 2023 Central Library, National University of Sciences and Technology. All Rights Reserved.